Statistics for 5 Seconds of Summer (guess the song)

Click here to take the quiz!

General Stats

  • This quiz has been taken 69 times
  • The average score is 11 of 15

Answer Stats

HintAnswer% Correct
"She's good at school she's never truant She can speak French think she'sfluent"

good girls
93%
"Cleaning up todayFound that old Zepplin shirt you wore when you ran away
And no one could feel your hurt."
ghost of you
91%
"Rip my heart out and leave,On the floor, watch me bleed ilove you, you love me"not in the same way
85%
"They say were losers and were alright with that"shes kinda hot
85%
"I know that you don't but if i asked you if you love me hope you"lie to me
83%
"Is it weird that I'm drunk and on my sofa?Is it weird that I'm naked on my sofa?"moving along
83%
"You are my getaway you are my favorite place we put the world away"disconnected
78%
"Pack up all your bags, stay true to NorthYou're the only one I'd do this for"red dessert
78%
"Congratulations, your imitationsAre taking over the radio stations"permanent vacation
76%
"I play guitar but she's into drummers,She's seen my face around
but she doesn't even know my name"
try hard
76%
"you know you are my favorite fantasy a fatal love song waterfall is over flowing"wildflower
74%
" i don't wanna stay i wanna run away but im trapped under your spell"voodoo doll
72%
"You're telling me how you love that songAbout living on a prayer"end up here
67%
"i cant hear them talking"girls talk boys
33%
"Baby, you're not what I need i'm over thisI'm over youI'm not gonna waste my life away"independance day
22%

Score Distribution

Percentile by Number Answered

Percent of People with Each Score

Your Score History

You have not taken this quiz